000 00931nas a2200313 4500
001 BR2012004072
003 BR-BrBNA
005 20231205120651.0
007 ta
008 230509b bl.|||p| |||| 00| 00por d
040 _aBR-BrBNA
_bpor
_cBiblioteca Nacional de Agricultura
041 _a(Pt)
072 _aF02; F03
100 1 _aBicalho, E.M.
100 1 _aCarvalho, M.
100 1 _aMotoike, S.Y.
100 1 _aPaes, J.M.V.
245 1 _aPropagação da macaúba: ciência e desafio
650 _aMACAÚBA
650 _aPALMEIRA OLEAGINOSA
650 _aSEMENTE
650 _aPROPAGAÇÃO VEGETATIVA
650 _aGERMINAÇÃO
650 _aMUDA
650 _aDORMÊNCIA
773 0 _tInforme Agropecuário- Empresa de Pesquisa Agropecuária de Minas Gerais (Brazil)
_xISSN 0100-3364
_g(Nov-Dec 2011), v. 32(265) p. 16-19
_wBR2012004072
909 _a202311
_bLúcia
_c55
_dLúcia Elande
942 _2AGRIS
_n0
_cANA
999 _c219663
_d219663